000 01306nam a2200313 i 4500
001 768714001
003 CO-MdFUSB
005 20210421142623.0
007 ta
008 200714t2004 ck a|||| |||| 00| 0 spa d
020 _a[No incluye ISBN]
040 _aCO-MdFUSB
_bspa
_cCO-MdFUSB
_dCO-MdFUSBC
_erda
041 _aspa
082 _223
_a370
_bH811
110 _aIberoamericana Corporación Universitaria
245 1 _aHorizontes pedagógicos
_b: miradas investigativas
_c/ Iberoamericana Corporación Universitaria ; traducido por Santiago Londoño , Luz Mila Pacheco
264 1 _aBogotá, Colombia
_bIberoamericana Corporación Universitaria,
_c[2004]
264 4 _c©2004
300 _c87 páginas ;
_a28 cm
336 _2rdacontent
_atexto
_btxt
337 _2rdamedia
_asin mediación
_bn
338 _2rdacarrier
_avolumen
_bnc
490 1 _aFacultad de educación
505 _aPresentación -- Editorial -- Grupo procesos comunicativos en el Ámbito Educativo -- Grupo integración, pedagogía y desarrollo humano -- Investigaciones institucionales Corporación Universitaria Iberoamericana -- Grupo de formación de investigadores y enseñanza de la ciencia -- Investigación formativa -- Ponencia
563 _aRústico
650 0 _9984
_aEducación
942 _cBK
945 _aDani
999 _c66507
_d66507